Normal view
MARC view
- Abuso de drogas
Entry Materia
Number of records used in: 115
001 - NÚMERO DE CONTROL DEL REGISTRO
- campo de control: 242
003 - IDENTIFICADOR DE NUMERO DE CONTROL
- campo de control: UPN
005 - FECHA Y HORA DE LA ÚLTIMA TRANSACCIÓN
- campo de control: 20230207154751.0
008 - DATOS DE LONGITUD FIJA
- campo de control de longitud fija: 220817n||acnnnbabn | ana |d
035 ## - NÚMERO DE CONTROL DEL SISTEMA
- Número de control del sistema: UPN10000000242
040 ## - FUENTE DE LA CATALOGACIÓN
- Centro catalogador de origen: UPN
- Lengua de catalogación: spa
- Agencia de transcripción: UPN
046 ## - FECHAS CON CODIFICACIÓN ESPECIAL
- Fecha final para contenidos agregados: 2022
053 #4 - NÚMERO CLASIFICADOR - BIBLIOTECA DEL CONGRESO (LC)
- Elemento numérico de la clasificación - Número único o no. inicial del rango: HV5801
150 ## - ENCABEZAMIENTO - TEMÁTICO
- Término de materia o nombre geográfico como elemento inicial: Abuso de drogas
450 ## - VÉASE - MATERIA
- Encabezamiento temático: Drogas -
- Subdivisión temática general: Abuso
670 ## - FUENTE EN LA QUE SE LOCALIZARON DATOS
- Cita de la fuente: A
680 ## - NOTA GENERAL CON DESPLIEGUE PÚBLICO
- Texto explicativo: Usase para las obras sobre el abuso de drogas en sentido general, tales como aspirina, bromuros, cafeína, sedantes. Obras sobre el abuso de drogas terapeúticas aparecen bajo
- Encabezamiento: ABUSO DE MEDICAMENTOS
- Texto explicativo: Obras limitadas a la adicción al alcohol, narcóticos tales como LSD, marihuana, opio, morfina, codeína y heroína, aparecen bajo
- Encabezamiento: DROGADICCION
902 ## - CATALOGADOR
- Catalogador: CAA/200307
